[Event "GER-ch 2014-A-V4 serv"]
[Site "GER email"]
[Date "2014.02.14"]
[Round "?"]
[White "Bandl, Walter"]
[Black "Klischat, Helmut"]
[Result "0-1"]
[WhiteElo "1773"]
[BlackElo "2031"]
[PlyCount "98"]
[EventDate "2014.02.24"]
[EventType "tourn (corr)"]
[EventRounds "6"]
[EventCountry "GER"]
[SourceTitle "Corr 2015"]
[Source "ChessBase"]
[SourceDate "2015.07.17"]
[SourceVersion "1"]
[SourceVersionDate "2015.07.17"]
[SourceQuality "1"]

1. d4 Nf6 2. Bf4 g6 3. e3 Bg7 4. Nf3 0-0 5. Be2 d6 6. 0-0 c5 7. c3 Nh5 8. Bg5 h6 9. Bh4 Nd7 10. Nfd2 Bf6 11. Bxf6 Nhxf6 12. e4 Qb6 13. Nc4 Qc7 14. Qd2 Kg7 15. Qf4 b5 16. Ne3 e5 17. dxe5 dxe5 18. Qh4 Nb6 19. f3 c4 20. a4 bxa4 21. Na3 Be6 22. Qf2 Rfd8 23. Rfd1 Ne8 24. Nb5 Qc6 25. Na3 Nd6 26. h4 h5 27. Nec2 a5 28. Ne3 Nb5 29. f4 Nxa3 30. bxa3 Rxd1+ 31. Rxd1 exf4 32. Qxf4 Qc5 33. Rd4 Re8 34. Qd6 Nd7 35. Qxc5 Nxc5 36. Kf2 Nb3 37. Rd6 Rb8 38. Nd5 Nd2 39. Ke3 Nb1 40. Bxc4 Nxa3 41. Bd3 Rb2 42. Ra6 Nc2+ 43. Bxc2 Rxc2 44. Kd4 Rxg2 45. Ke5 g5 46. Rxa5 gxh4 47. Rxa4 h3 48. Ra1 h2 49. Rh1 Rf2 0-1

[Event "GER Cup19 sf31 serv"]
[Site "GER email"]
[Date "2013.07.14"]
[Round "?"]
[White "Bandl, Walter"]
[Black "Koch, Hans Georg"]
[Result "0-1"]
[WhiteElo "1773"]
[BlackElo "2099"]
[PlyCount "94"]
[EventDate "2013.07.20"]
[EventType "tourn (corr)"]
[EventRounds "6"]
[EventCountry "GER"]
[SourceTitle "Corr 2015"]
[Source "ChessBase"]
[SourceDate "2015.07.17"]
[SourceVersion "1"]
[SourceVersionDate "2015.07.17"]
[SourceQuality "1"]

1. d4 Nf6 2. Nf3 g6 3. Bf4 Bg7 4. e3 d6 5. Bd3 0-0 6. Nbd2 Nbd7 7. c3 Re8 8. Qc2 c5 9. 0-0 cxd4 10. exd4 e5 11. Bg5 Qc7 12. Rfe1 b6 13. dxe5 dxe5 14. Rad1 Nc5 15. Bxf6 Bxf6 16. Ne4 Nxe4 17. Bxe4 Rb8 18. Bd5 Kg7 19. Qb3 b5 20. Nd2 a5 21. h3 Rd8 22. a3 a4 23. Qa2 Rd7 24. Bf3 Bg5 25. Ne4 Rxd1 26. Rxd1 Be6 27. Qb1 Be7 28. Ng3 Bb3 29. Re1 Rd8 30. Qe4 Rd2 31. Qxe5+ Qxe5 32. Rxe5 Bf8 33. Re2 Rd1+ 34. Kh2 f5 35. Re5 Rb1 36. Rxb5 Rxb2 37. Rb7+ Kf6 38. Rb6+ Kg5 39. Bd1 Bxa3 40. Bxb3 axb3 41. c4 Bc5 42. Rb5 Bd4 43. c5 Kf6 44. f3 Ke6 45. h4 Be5 46. h5 Rb1 47. hxg6 hxg6 0-1

[Event "GER Cup19 sf31 serv"]
[Site "GER email"]
[Date "2013.07.14"]
[Round "?"]
[White "Langer, Raimund"]
[Black "Bandl, Walter"]
[Result "1-0"]
[WhiteElo "2084"]
[BlackElo "1773"]
[PlyCount "86"]
[EventDate "2013.07.20"]
[EventType "tourn (corr)"]
[EventRounds "6"]
[EventCountry "GER"]
[SourceTitle "Corr 2015"]
[Source "ChessBase"]
[SourceDate "2015.07.17"]
[SourceVersion "1"]
[SourceVersionDate "2015.07.17"]
[SourceQuality "1"]

1. e4 d6 2. d4 Nf6 3. Nc3 g6 4. f4 Bg7 5. Nf3 0-0 6. Bd3 Nh5 7. Be3 Bg4 8. h3 Bxf3 9. Qxf3 c5 10. dxc5 Bxc3+ 11. bxc3 dxc5 12. 0-0 Nd7 13. e5 Qc7 14. a4 Rfd8 15. a5 Ng7 16. Rfb1 Rab8 17. Be4 b5 18. axb6 Rxb6 19. Rd1 f6 20. exf6 Rxf6 21. Bf2 Rdf8 22. Qe3 R8f7 23. Bf3 e6 24. Ra6 h5 25. Qe1 Rxf4 26. Bg3 Ne5 27. Be4 R4f6 28. Rc6 Qxc6 29. Rd8+ Kh7 30. Bxc6 Nxc6 31. Rc8 Ne7 32. Rxc5 Ne8 33. Bh4 Rf4 34. Bg5 Rf1+ 35. Qxf1 Rxf1+ 36. Kxf1 Nf5 37. Ke2 Ned6 38. Rc7+ Kg8 39. g4 Ng3+ 40. Kf3 Nge4 41. Bf4 hxg4+ 42. hxg4 g5 43. Bxd6 Nxd6 1-0

[Event "GER-ch 2013-C-V9 serv"]
[Site "GER email"]
[Date "2013.06.17"]
[Round "?"]
[White "Schulze, Guenter"]
[Black "Bandl, Walter"]
[Result "1/2-1/2"]
[WhiteElo "1935"]
[BlackElo "1783"]
[PlyCount "141"]
[EventDate "2013.06.20"]
[EventType "tourn (corr)"]
[EventRounds "6"]
[EventCountry "GER"]
[SourceTitle "Corr 2015"]
[Source "ChessBase"]
[SourceDate "2015.07.17"]
[SourceVersion "1"]
[SourceVersionDate "2015.07.17"]
[SourceQuality "1"]

1. d4 Nf6 2. c4 e6 3. Nc3 Bb4 4. e3 0-0 5. Bd3 d5 6. Nf3 c5 7. 0-0 cxd4 8. exd4 dxc4 9. Bxc4 b6 10. Qb3 Bxc3 11. bxc3 Bb7 12. Ne5 Qc7 13. Ba3 Re8 14. Bd3 Be4 15. Bb5 Nc6 16. Rfe1 Na5 17. Qb2 Rec8 18. f3 Bc6 19. Nxc6 Nxc6 20. Ba6 Rd8 21. Rac1 Rd5 22. g3 Rb8 23. Bb5 a6 24. Bc4 Rg5 25. Qd2 h6 26. f4 Rf5 27. Bd3 Rd5 28. Qe2 b5 29. Bc5 Na5 30. Rc2 Rbd8 31. Qf3 Rxc5 32. dxc5 Qxc5+ 33. Qe3 Qc7 34. Qf3 Ng4 35. Bxb5 Qc5+ 36. Kg2 axb5 37. Qxg4 Nc4 38. Qe2 Rd5 39. Qf3 Nd2 40. Qf2 Qc6 41. Kg1 Nc4 42. Qf3 Qb6+ 43. Kg2 Qc7 44. Qe4 Nd2 45. Qe2 Qc6 46. Kg1 Nc4 47. Qe4 Qc5+ 48. Kg2 Nd2 49. Qe3 Qc6 50. Kg1 Nc4 51. Qf3 Qb6+ 52. Kg2 Qc7 53. Kh1 Nd2 54. Qg2 Nc4 55. Rce2 Qd6 56. Qf3 Nd2 57. Qf2 Nc4 58. g4 Kh7 59. Qf3 g6 60. Rf2 Qd7 61. Qe4 Nd2 62. Qg2 Nc4 63. h4 Rd3 64. Rf3 Qd8 65. g5 Rd2 66. Re2 Rd1+ 67. Kh2 h5 68. Rf1 Rd3 69. Rf3 Rd1 70. Rf1 Rd3 71. Rf3 1/2-1/2

[Event "GER-ch 2013-A-V5 serv"]
[Site "GER email"]
[Date "2013.02.16"]
[Round "?"]
[White "Bandl, Walter"]
[Black "Garus, Edward"]
[Result "0-1"]
[WhiteElo "1796"]
[BlackElo "2001"]
[PlyCount "108"]
[EventDate "2013.02.25"]
[EventType "tourn (corr)"]
[EventRounds "6"]
[EventCountry "GER"]
[SourceTitle "Corr 2015"]
[Source "ChessBase"]
[SourceDate "2015.07.17"]
[SourceVersion "1"]
[SourceVersionDate "2015.07.17"]
[SourceQuality "1"]

1. d4 Nf6 2. Nf3 d5 3. Bf4 e6 4. e3 Bd6 5. Ne5 0-0 6. Bd3 c5 7. c3 Nc6 8. Nd2 Qc7 9. Ndf3 cxd4 10. exd4 Ne4 11. Bg3 Ne7 12. Ng4 f6 13. Qc2 Bd7 14. Ne3 Bc6 15. 0-0 Bxg3 16. fxg3 Nf5 17. Nxf5 exf5 18. Nd2 g6 19. Rf4 Rae8 20. Raf1 Ng5 21. Qd1 Kg7 22. Nb3 Ne4 23. Bxe4 fxe4 24. Qe2 Qb6 25. Qe3 Bb5 26. R1f2 Qd6 27. Rc2 f5 28. Rcf2 b6 29. Nd2 Qd7 30. Rh4 Qe7 31. Qh6+ Kh8 32. Qe3 Kg8 33. a3 a5 34. Nf1 Rf7 35. Rh3 Bc4 36. Nd2 Ba6 37. Nf1 Bd3 38. Nd2 Ref8 39. Nf1 g5 40. Qd2 Ba6 41. Rh5 f4 42. gxf4 gxf4 43. Qe1 Bd3 44. Rd2 Kh8 45. Re5 Qf6 46. Rxd3 exd3 47. Re6 Qg5 48. Qe5+ Qxe5 49. dxe5 f3 50. g3 f2+ 51. Kg2 d2 52. Nxd2 f1Q+ 53. Nxf1 Rxf1 54. Rxb6 R1f2+ 0-1

[Event "GER-ch 2013-A-V5 serv"]
[Site "GER email"]
[Date "2013.02.16"]
[Round "?"]
[White "Draeger, Wolfgang"]
[Black "Bandl, Walter"]
[Result "1-0"]
[WhiteElo "2108"]
[BlackElo "1796"]
[PlyCount "85"]
[EventDate "2013.02.25"]
[EventType "tourn (corr)"]
[EventRounds "6"]
[EventCountry "GER"]
[SourceTitle "Corr 2015"]
[Source "ChessBase"]
[SourceDate "2015.07.17"]
[SourceVersion "1"]
[SourceVersionDate "2015.07.17"]
[SourceQuality "1"]

1. d4 c6 2. e4 d5 3. e5 Bf5 4. Nf3 e6 5. Be2 Nd7 6. 0-0 Ne7 7. Nh4 Qb6 8. c4 Bxb1 9. Rxb1 dxc4 10. Bxc4 Rd8 11. Nf3 h6 12. b4 a6 13. Re1 Nd5 14. Qc2 Be7 15. Bd2 Ra8 16. Qe4 Qd8 17. Bb3 h5 18. a4 N7b6 19. Rec1 Nc7 20. Qd3 Nbd5 21. Bc2 Kf8 22. Qe4 h4 23. h3 Kg8 24. Rb3 Nb6 25. Qg4 Nc4 26. Be1 Nb6 27. Ra1 Ncd5 28. a5 Nc8 29. Bd2 Na7 30. Rab1 Nb5 31. Ng5 Qd7 32. Rf3 Rf8 33. Rbb3 Nbc7 34. Ne4 f5 35. exf6 Nxf6 36. Nxf6+ Bxf6 37. Rb1 Qe8 38. Bf4 Nb5 39. Bg6 Rf7 40. Be5 Qe7 41. d5 exd5 42. Re1 Nd6 43. Bxd6 1-0

[Event "GER-ch66 V09 email"]
[Site "GER email"]
[Date "2011.10.24"]
[Round "?"]
[White "Bandl, Walter"]
[Black "Wilshusen, Horst"]
[Result "1-0"]
[WhiteElo "1799"]
[BlackElo "1506"]
[PlyCount "53"]
[EventDate "2011.10.31"]
[EventType "tourn (corr)"]
[EventRounds "6"]
[EventCountry "GER"]
[SourceTitle "Corr 2015"]
[Source "ChessBase"]
[SourceDate "2015.07.17"]
[SourceVersion "1"]
[SourceVersionDate "2015.07.17"]
[SourceQuality "1"]
[WhiteTeam "Germany"]
[BlackTeam "Germany"]
[WhiteTeamCountry "GER"]
[BlackTeamCountry "GER"]

1. d4 Nf6 2. Nf3 e6 3. Bf4 b6 4. e3 Bb7 5. Bd3 Be4 6. Nbd2 Bb4 7. Bxe4 Nxe4 8. c3 Nxd2 9. cxb4 Nxf3+ 10. Qxf3 Nc6 11. b5 Ne7 12. Bxc7 Qc8 13. 0-0 d5 14. Rac1 Qd7 15. Be5 f6 16. Rc7 Qd8 17. Bf4 h5 18. Rfc1 g5 19. Bxg5 fxg5 20. Qf6 Rg8 21. R1c6 Rg6 22. Rxe7+ Qxe7 23. Qxg6+ Kd7 24. f4 gxf4 25. exf4 Rf8 26. Qc2 Qd8 27. Qh7+ 1-0

[Event "GER-ch66 V09 email"]
[Site "GER email"]
[Date "2011.10.24"]
[Round "?"]
[White "Harf, Heinz"]
[Black "Bandl, Walter"]
[Result "1/2-1/2"]
[WhiteElo "1980"]
[BlackElo "1799"]
[PlyCount "59"]
[EventDate "2011.10.31"]
[EventType "tourn (corr)"]
[EventRounds "6"]
[EventCountry "GER"]
[SourceTitle "Corr 2015"]
[Source "ChessBase"]
[SourceDate "2015.07.17"]
[SourceVersion "1"]
[SourceVersionDate "2015.07.17"]
[SourceQuality "1"]
[WhiteTeam "Germany"]
[BlackTeam "Germany"]
[WhiteTeamCountry "GER"]
[BlackTeamCountry "GER"]

1. c4 Nf6 2. Nc3 e5 3. Nf3 Nc6 4. g3 Bb4 5. Bg2 0-0 6. 0-0 e4 7. Ng5 Bxc3 8. bxc3 Re8 9. Qc2 Qe7 10. d3 exd3 11. exd3 b6 12. Bd2 Bb7 13. Rae1 Qf8 14. Bf4 d6 15. Be3 Re7 16. Nf3 Ne5 17. Nxe5 Bxg2 18. Kxg2 dxe5 19. Bg5 Qe8 20. Bxf6 Qc6+ 21. Re4 Qxf6 22. Rfe1 Rae8 23. d4 Qc6 24. d5 Qg6 25. f3 f5 26. R4e3 Qf6 27. a4 a6 28. a5 bxa5 29. Qa2 e4 30. Qxa5 1/2-1/2

[Event "GER-ch66 V09 email"]
[Site "GER email"]
[Date "2011.10.24"]
[Round "?"]
[White "Loeffler, Werner"]
[Black "Bandl, Walter"]
[Result "1-0"]
[WhiteElo "2122"]
[BlackElo "1799"]
[PlyCount "97"]
[EventDate "2011.10.31"]
[EventType "tourn (corr)"]
[EventRounds "6"]
[EventCountry "GER"]
[SourceTitle "Corr 2015"]
[Source "ChessBase"]
[SourceDate "2015.07.17"]
[SourceVersion "1"]
[SourceVersionDate "2015.07.17"]
[SourceQuality "1"]
[WhiteTeam "Germany"]
[BlackTeam "Germany"]
[WhiteTeamCountry "GER"]
[BlackTeamCountry "GER"]

1. d4 Nf6 2. c4 e6 3. Nf3 Bb4+ 4. Bd2 Qe7 5. g3 b6 6. Bg2 Bb7 7. 0-0 Bxd2 8. Qxd2 0-0 9. Nc3 Ne4 10. Nxe4 Bxe4 11. Qf4 d5 12. cxd5 exd5 13. Rac1 Na6 14. Rfd1 c5 15. Bh3 Rae8 16. dxc5 Nxc5 17. Nd4 Ne6 18. Bxe6 fxe6 19. Qe3 Qf6 20. f3 Bf5 21. Nc6 Qxb2 22. a3 a6 23. Kg2 h6 24. Rc3 b5 25. g4 Bh7 26. Kg3 Kh8 27. Ne5 Re7 28. Rdc1 d4 29. Qxd4 Qxe2 30. Rc8 Ree8 31. R8c7 Rf6 32. Nf7+ Kg8 33. Nxh6+ Kh8 34. Nf7+ Kg8 35. Ne5 Ref8 36. R7c3 Rf4 37. Qe3 Qxe3 38. Rxe3 Rd4 39. Rc6 Bb1 40. Rxe6 Ra8 41. Rb6 Rd1 42. h4 Ba2 43. h5 Rd4 44. f4 Rd5 45. h6 gxh6 46. Rxh6 a5 47. f5 Re8 48. Kf4 Re7 49. Reh3 1-0

[Event "GER 1. Rucki-Zucki-Pokal/V15 email"]
[Site "GER email"]
[Date "2010.12.16"]
[Round "?"]
[White "Krauss, Heiko"]
[Black "Bandl, Walter"]
[Result "1-0"]
[WhiteElo "2096"]
[BlackElo "1880"]
[PlyCount "79"]
[EventDate "2010.12.22"]
[EventType "tourn (corr)"]
[EventRounds "6"]
[EventCountry "GER"]
[SourceTitle "Corr 2013"]
[Source "ChessBase"]
[SourceDate "2012.11.12"]
[SourceVersion "1"]
[SourceVersionDate "2012.11.12"]
[SourceQuality "1"]

1. e4 c6 2. d4 e6 3. c4 d5 4. Nc3 dxe4 5. Nxe4 Bb4+ 6. Nc3 c5 7. Nf3 Nf6 8. Be2 Ne4 9. Qd3 cxd4 10. Nxd4 e5 11. Qxe4 Qxd4 12. Qc2 Bxc3+ 13. bxc3 Qd6 14. a4 Qc6 15. Bf3 Qxc4 16. Be2 Qe6 17. Ba3 Qg6 18. Bd3 Qxg2 19. Be4 Qg4 20. Rd1 Nc6 21. h3 Qe6 22. a5 a6 23. Rd6 Qc4 24. Bd5 Qb5 25. Qe4 Be6 26. Bxe6 fxe6 27. Rxe6+ Kd8 28. Rd6+ Kc8 29. Rd5 Qb3 30. Qf5+ Kb8 31. Bd6+ Ka7 32. Bc5+ Kb8 33. Qd3 Ra7 34. 0-0 e4 35. Qxe4 Qxc3 36. Rb1 Ka8 37. Be3 Qf6 38. Rd7 Rb8 39. Rc1 Ne5 40. Rdc7 1-0

[Event "GER 1. Rucki-Zucki-Pokal/V15 email"]
[Site "GER email"]
[Date "2010.12.16"]
[Round "?"]
[White "Preusse, Goetz"]
[Black "Bandl, Walter"]
[Result "1-0"]
[WhiteElo "2018"]
[BlackElo "1880"]
[PlyCount "103"]
[EventDate "2010.12.22"]
[EventType "tourn (corr)"]
[EventRounds "6"]
[EventCountry "GER"]
[SourceTitle "Corr 2013"]
[Source "ChessBase"]
[SourceDate "2012.11.12"]
[SourceVersion "1"]
[SourceVersionDate "2012.11.12"]
[SourceQuality "1"]

1. e4 c6 2. d4 e6 3. Nf3 d5 4. Nc3 dxe4 5. Nxe4 Nd7 6. Bd3 Ngf6 7. Nxf6+ Nxf6 8. 0-0 Qa5 9. Bd2 Qc7 10. Ne5 Bd6 11. Qf3 Bxe5 12. dxe5 Qxe5 13. Bc3 Qg5 14. Qe3 Qh4 15. Qc5 Nd5 16. Bxg7 Rg8 17. Be5 Nf4 18. Bxf4 Qxf4 19. g3 Bd7 20. Bxh7 Rg5 21. Qc3 0-0-0 22. Rad1 Qg4 23. Bd3 e5 24. Bc4 Qh5 25. f3 Rgg8 26. Rf2 Bh3 27. Rdd2 Kb8 28. Qb4 Qg5 29. Bf1 Bxf1 30. Kxf1 Ka8 31. Kg2 f6 32. Rxd8+ Rxd8 33. h4 Qh6 34. f4 Qg7 35. fxe5 fxe5 36. h5 a6 37. Qe4 Rd6 38. Qf5 Rd8 39. g4 Rg8 40. Kg3 Qe7 41. h6 e4 42. Qf4 Ka7 43. Re2 Qd7 44. b4 Ka8 45. Rxe4 Qd1 46. Qe3 Qd6+ 47. Kh3 Qd7 48. a4 Rh8 49. c4 Rg8 50. Kh4 Rh8 51. g5 Qd8 52. Re7 1-0

[Event "GER rap1 FSM/V03 email"]
[Site "GER email"]
[Date "2010.04.13"]
[Round "?"]
[White "Krebs, Juergen"]
[Black "Bandl, Walter"]
[Result "1-0"]
[WhiteElo "2326"]
[BlackElo "1880"]
[PlyCount "131"]
[EventDate "2010.04.19"]
[EventType "tourn (corr)"]
[EventRounds "4"]
[EventCountry "GER"]
[SourceTitle "Corr 2015"]
[Source "ChessBase"]
[SourceDate "2015.07.17"]
[SourceVersion "1"]
[SourceVersionDate "2015.07.17"]
[SourceQuality "1"]

1. e4 d6 2. d4 Nf6 3. Nc3 c6 4. f4 Qa5 5. Bd3 e5 6. Nf3 exd4 7. Nxd4 Bg4 8. Be2 Qh5 9. Bxg4 Qh4+ 10. g3 Qxg4 11. Qxg4 Nxg4 12. Ke2 Nd7 13. Kf3 h5 14. h3 Ngf6 15. Be3 0-0-0 16. a4 a5 17. Rad1 Re8 18. Nb3 b6 19. Nd2 Kc7 20. Nc4 Ng8 21. Bd4 f6 22. Rh2 Nh6 23. Rhd2 Nf7 24. h4 Rg8 25. Bf2 g5 26. b3 Re6 27. Ne3 Nh6 28. Rh1 Bg7 29. f5 Ree8 30. Kg2 Nf7 31. Nc4 gxh4 32. Rxh4 Bh6 33. Rd1 Rg7 34. Rxh5 Bf4 35. Rdh1 Ng5 36. Rh8 Rxh8 37. Rxh8 Nf7 38. Ra8 Kb7 39. Re8 Be5 40. Re7 Kc8 41. Ne2 Kd8 42. Re6 Kc7 43. Nd4 Nd8 44. Re8 Bxd4 45. Bxd4 Nb7 46. Re6 Nbc5 47. e5 fxe5 48. Bxc5 Nxc5 49. Rxd6 Rg5 50. Rf6 Ne4 51. Rf7+ Kd8 52. Kf3 Nxg3 53. f6 Nf1 54. Nxb6 Rf5+ 55. Ke4 Ng3+ 56. Ke3 Nf1+ 57. Kd3 Ng3 58. Rf8+ Kc7 59. f7 Rf3+ 60. Kd2 Ne4+ 61. Ke2 Rf6 62. Rc8+ Kxb6 63. f8Q Rxf8 64. Rxf8 Nc5 65. Rf7 Ne6 66. Re7 1-0

[Event "GER Cup18 Gr26 email"]
[Site "GER email"]
[Date "2010.??.??"]
[Round "?"]
[White "Mayer, Johann"]
[Black "Bandl, Walter"]
[Result "1/2-1/2"]
[WhiteElo "2139"]
[BlackElo "1909"]
[PlyCount "67"]
[EventDate "2010.??.??"]
[EventType "tourn (corr)"]
[EventRounds "6"]
[EventCountry "GER"]
[SourceTitle "Corr 2015"]
[Source "ChessBase"]
[SourceDate "2015.07.17"]
[SourceVersion "1"]
[SourceVersionDate "2015.07.17"]
[SourceQuality "1"]

1. e4 d6 2. d4 Nd7 3. Nf3 e6 4. Nc3 Be7 5. Bd3 c6 6. e5 dxe5 7. dxe5 Nc5 8. 0-0 Nxd3 9. cxd3 b6 10. Qc2 Bb7 11. d4 a6 12. Ne4 Qd7 13. Bg5 f5 14. Nd6+ Bxd6 15. exd6 h6 16. Bf4 Nf6 17. Ne5 Qxd6 18. Ng6 Qd5 19. Bc7 c5 20. f3 Kf7 21. Nxh8+ Rxh8 22. dxc5 Qxc5+ 23. Qxc5 bxc5 24. Rac1 Nd7 25. Bd6 Rc8 26. Rc3 Bd5 27. Rfc1 c4 28. b3 Rc6 29. Bf4 cxb3 30. Rxc6 Bxc6 31. axb3 Bb5 32. Rc7 Kf6 33. Bd2 e5 34. g3 1/2-1/2